Data Structures and algorithms in Java / (Record no. 132)
[ view plain ]
| 000 -LEADER | |
|---|---|
| fixed length control field | 00736cam a22002292 4500 |
| 001 - CONTROL NUMBER | |
| control field | 0000000272 |
| 005 - DATE AND TIME OF LATEST TRANSACTION | |
| control field | 20151021151043.0 |
| 008 - FIXED-LENGTH DATA ELEMENTS--GENERAL INFORMATION | |
| fixed length control field | 070119s xx 000 0 eng d |
| 020 ## - INTERNATIONAL STANDARD BOOK NUMBER | |
| International Standard Book Number | 9971513374 : |
| Terms of availability | KES 2,500 |
| 040 ## - CATALOGING SOURCE | |
| Original cataloging agency | KABU |
| Transcribing agency | KABU |
| 050 #0 - LIBRARY OF CONGRESS CALL NUMBER | |
| Classification number | QA76.73 |
| Item number | .J38G66 2001 |
| 100 1# - MAIN ENTRY--PERSONAL NAME | |
| Personal name | Goodrich, Michael T. |
| -- | 0000148368 |
| 245 10 - TITLE STATEMENT | |
| Title | Data Structures and algorithms in Java / |
| Statement of responsibility, etc. | Michael T. Goodrich, Roberto Tamassia. |
| 250 ## - EDITION STATEMENT | |
| Edition statement | 2nd ed. |
| 260 ## - PUBLICATION, DISTRIBUTION, ETC. (IMPRINT) | |
| Place of publication, distribution, etc. | New York : |
| Name of publisher, distributor, etc. | John Wiley, |
| Date of publication, distribution, etc. | 2001. |
| 300 ## - PHYSICAL DESCRIPTION | |
| Extent | xiii, 641 p. |
| 650 #0 - SUBJECT ADDED ENTRY--TOPICAL TERM | |
| Topical term or geographic name as entry element | Java (Computer program language) |
| -- | 0000148169 |
| 700 1# - ADDED ENTRY--PERSONAL NAME | |
| Personal name | Tamassia, Roberto. |
| -- | 0000148369 |
| 908 ## - PUT COMMAND PARAMETER (RLIN) | |
| Put command parameter | 070119 |
| 950 ## - LOCAL HOLDINGS (RLIN) | |
| -- | 1 |
| Withdrawn status | Lost status | Source of classification or shelving scheme | Not for loan | Home library | Current library | Date acquired | Total Checkouts | Full call number | Barcode | Date last seen | Price effective from | Koha item type | Date last checked out |
|---|---|---|---|---|---|---|---|---|---|---|---|---|---|
| Library of Congress Classification | Kabarak, Main Campus | Kabarak, Main Campus | 17/12/2015 | QA76.73 .J38G66 2001 | 004221 | 17/12/2015 | 17/12/2015 | General Collection | |||||
| Library of Congress Classification | Kabarak, Main Campus | Kabarak, Main Campus | 17/12/2015 | QA76.73 .J38G66 2001 | 004222 | 17/12/2015 | 17/12/2015 | General Collection | |||||
| Library of Congress Classification | Kabarak, Main Campus | Kabarak, Main Campus | 17/12/2015 | QA76.73 .J38G66 2001 | 004223 | 17/12/2015 | 17/12/2015 | General Collection | |||||
| Library of Congress Classification | Kabarak, Main Campus | Kabarak, Main Campus | 17/12/2015 | 1 | QA76.73 .J38G66 2001 | 004224 | 02/10/2019 | 17/12/2015 | General Collection | 02/10/2019 | |||
| Library of Congress Classification | Kabarak, Main Campus | Kabarak, Main Campus | 17/12/2015 | QA76.73 .J38G66 2001 | 004225 | 17/12/2015 | 17/12/2015 | General Collection | |||||
| Library of Congress Classification | Kabarak, Main Campus | Kabarak, Main Campus | 17/12/2015 | 2 | QA76.73 .J38G66 2001 | 005011 | 07/06/2017 | 17/12/2015 | General Collection | 27/02/2017 | |||
| Library of Congress Classification | Kabarak, Nakuru City Campus | Kabarak, Nakuru City Campus | 21/10/2015 | QA76.73 .J38G66 2001 | 005582 | 21/10/2015 | 21/10/2015 | General Collection |